Catálogo
 En Linea

Crespo y la revolución legalista / (Registro nro. 1946)

Detalles MARC
000 -CABECERA
campo de control de longitud fija 00859cam a2200253 a 4500
001 - NÚMERO DE CONTROL
campo de control 000002086
003 - IDENTIFICADOR DEL NÚMERO DE CONTROL
campo de control OSt
005 - FECHA Y HORA DE LA ÚLTIMA TRANSACCIÓN
campo de control 20210318124521.0
008 - DATOS DE LONGITUD FIJA--INFORMACIÓN GENERAL
campo de control de longitud fija 760820q19731974ve a b 001 0bspa
040 ## - FUENTE DE LA CATALOGACIÓN
Centro catalogador/agencia de origen DO-SdBNP
Lengua de catalogación spa
Centro/agencia transcriptor BNPHU
082 #4 - NÚMERO DE LA CLASIFICACIÓN DECIMAL DEWEY
Número de clasificación 987.063
Número de documento/Ítem R771c
Número de edición 22
100 1# - ENTRADA PRINCIPAL--NOMBRE DE PERSONA
Nombre de persona Rondón Márquez, R. A.
Forma completa/desarrollada del nombre (Rafael Angel),
Fechas asociadas al nombre 1898-1966.
9 (RLIN) 6713
245 10 - MENCIÓN DE TÍTULO
Título Crespo y la revolución legalista /
Mención de responsabilidad, etc. R. A. Rondón Márquez ; prólogo de Ramón J. Velásquez.
260 ## - PUBLICACIÓN, DISTRIBUCIÓN, ETC.
Lugar de publicación, distribución, etc. [Caracas]? :
Nombre del editor, distribuidor, etc. Ediciones de la Contraloría,
Fecha de publicación, distribución, etc. [1973]?.
300 ## - DESCRIPCIÓN FÍSICA
Extensión vi, 303 p. :
Otras características físicas il. ;
Dimensiones 23 cm.
490 1# - MENCIÓN DE SERIE
Mención de serie Historia
504 ## - NOTA DE BIBLIOGRAFÍA, ETC.
Nota de bibliografía, etc. Bibliografía: p. 301-303.
600 14 - PUNTO DE ACCESO ADICIONAL DE MATERIA--NOMBRE DE PERSONA
Nombre de persona Crespo, Joaquín,
Fechas asociadas al nombre 1841-1898.
9 (RLIN) 6714
651 #4 - PUNTO DE ACCESO ADICIONAL DE MATERIA--NOMBRE GEOGRÁFICO
Nombre geográfico Venezuela
Subdivisión general Historia
Subdivisión cronológica 1830-1935.
9 (RLIN) 6715
700 1# - PUNTO DE ACCESO ADICIONAL--NOMBRE DE PERSONA
Nombre de persona Velásquez, Ramón J.
Término indicativo de función/relación pról.
9 (RLIN) 6716
830 #0 - PUNTO DE ACCESO ADICIONAL DE SERIE-TÍTULO UNIFORME
Título uniforme Historia
9 (RLIN) 2122
910 ## - DATOS DE OPCIÓN DEL USUARIO (OCLC)
Datos de opción del usuario En proceso
942 ## - ELEMENTOS DE PUNTO DE ACCESO ADICIONAL (KOHA)
Fuente del sistema de clasificación o colocación Dewey Decimal Classification
Tipo de ítem Koha Libro
Existencias
Estado de retiro Estado de pérdida Restricciones de uso No para préstamo Código de colección Localización permanente Ubicación/localización actual Ubicación en estantería Fecha de adquisición Número de inventario Total de préstamos Signatura topográfica completa Código de barras Fecha visto por última vez Precio válido a partir de Tipo de ítem Koha
    Préstamo interno   Monografías: Libros y Folletos General General En catalogación 24.07.2009 LF1   987.063 R771c 2086-10 25.06.2020 25.06.2020 Préstamo interno

Con tecnología Koha